| 000 | 01101nam a22004090a 4500 | ||
|---|---|---|---|
| 001 | PT52341 | ||
| 003 | AR-LpoUNG | ||
| 005 | 20210131231512.0 | ||
| 008 | 191001s2009||||ag |||||||||||||||||spa d | ||
| 020 |
_a9789870571704 _c$5.90 |
||
| 040 |
_aAR-LpoUNG _bspa _cAR-LpoUNG _eaacr |
||
| 041 | _aspa | ||
| 044 | _aag | ||
| 082 | 0 | _a982.024 619mor | |
| 100 | 1 | _aBirocco, Carlos María | |
| 245 | 1 | 0 |
_aDel Morón rural al Morón urbano : _bvecindad, poder y surgimiento del Estado Municipal entre 1770 y 1895 |
| 250 | _a1era. ed. | ||
| 260 |
_aBuenos Aires : _bCarlos Birocco , _c2009. |
||
| 300 |
_a370 p. : _bfot. |
||
| 650 | 4 | _aANALISIS HISTORICO | |
| 650 | 4 | _aASPECTOS EDUCATIVOS | |
| 650 | 4 | _aCOLONIALISMO | |
| 650 | 4 | _aESTADO | |
| 650 | 4 | _aGOBIERNO LOCAL | |
| 650 | 4 | _aHISTORIA | |
| 650 | 4 | _aHISTORIA SOCIAL | |
| 650 | 4 | _aMIGRACION | |
| 650 | 4 | _aPOBLACION | |
| 650 | 4 | _aPOBLACION RURAL | |
| 650 | 4 | _aPOBLACION URBANA | |
| 650 | 4 | _aPODER POLITICO | |
| 650 | 4 | _aREVOLUCION | |
| 650 | 4 | _aTRABAJO CLANDESTINO | |
| 651 | 4 | _aArgentina | |
| 905 | _a52341 | ||
| 942 | _cLIB | ||
| 999 |
_c10400 _d10400 |
||